00677cam a22002051 450000100060000000300080000600500170001400800390003103500190007004000270008904100130011608200180012910000390014724500780018626000580026430000250032250000480034750400510039565000250044633663BD-RjUL20211209052036.0140510t19681957nyu b 001 0 eng a(BD-RjUL)33754 aDLCcDLCdBD-RjULbeng1 aenghspa00a109bMOM 19681 aMora, José Ferrater,d1912-1991.10aMan at the crossroads /cTranslated from the Spanish by Willard R. Trask. aNew York :bGreenwood Press,cc1957 [Reprinted 1968]. avi, 252 p. ;c23 cm. aTranslation of El hombre en la encrucijada. aIncludes bibliographical references and index. 0aPhilosophyxHistory.